| 000 | 00478nam a2200193Ia 4500 | ||
|---|---|---|---|
| 005 | 20250425161403.0 | ||
| 008 | 250425s9999 xx 000 0 und d | ||
| 041 | _aspa | ||
| 082 | _a624.0285 | ||
| 100 | _aFENVES, STEVEN J. | ||
| 245 | 0 | _aMETODOS DE COMPUTACION EN INGENIERIA CIVIL | |
| 250 | _a1A ED. | ||
| 260 | _aMEXICO | ||
| 260 |
_aMéxico _bLIMUSA _c1969 |
||
| 300 | _a278 | ||
| 650 | _aINGENIERIA CIVIL-PROCESAMIENTO DE DATOS | ||
| 942 | _c01 | ||
| 010 | _a19140 | ||
| 999 |
_c208204 _d208204 |
||